EEG-based experiment design for major depressive disorder : machine learning and psychiatric diagnosis

Main Author: Malik, Aamir Saeed
Other Authors: Mumtaz, Wajid
Subjects:
Online Access: http://library.unisel.edu.my/web/guest/mylibrary
LEADER 01094cam a2200265 7i4500
001 0000065106
005 20211229090000.0
020 |a 9780128174203  
090 0 0 |a RC386.6.E43   |b M35 2019 
100 1 |a Malik, Aamir Saeed  
245 1 0 |a EEG-based experiment design for major depressive disorder :   |b machine learning and psychiatric diagnosis   |c Aamir Saeed Malik, Wajid Mumtaz. 
264 |a London, United Kingdom ; San Diego, CA:   |b Elsevier/Academic Press,   |c 2019. 
300 |a 1 online resource (xvii, 235 pages):   |b illustrations, text file, PDF. 
336 |a text  |2 rdacontent 
337 |a computer  |2 rdamedia 
338 |a online resource  |2 rdacarrier 
650 0 0 |a Depression, Mental --   |x Diagnosis  
650 0 0 |a Electroencephalography --   |x Methodology  
655 0 0 |a Electronic books 
700 1 |a Mumtaz, Wajid  
856 4 2 |u http://library.unisel.edu.my/web/guest/mylibrary 
997 |a Education & Social Sciences, Faculty  |b Social Sciences, Department 
998 |a Psychology, Diploma 
998 |a Industrial Psychology, Degree 
999 |a EBO0009753  |b EBOOK  |c EBOOK  |e Electronic resources